000 00479nam a2200169Ia 4500
008 231217s9999 xx 000 0 und d
020 _a1401837484
041 _aEnglish
082 _a001.6424C BAR;1 R
100 _aBarnett, Richard. Ocull, Larry. Cox, Sarah.
245 0 _aEmbedded C programming and the microchip PIC
260 _c2004
_bThomson
_aAustralia
300 _axxii+497
300 _cCD2794
650 _aEmbedded,C,programming,microchip,PIC
942 _cAA
999 _c178020
_d178020